| 000 -LEADER |
| fixed length control field |
00832nam a22002537a 4500 |
| 001 - CONTROL NUMBER |
| control field |
6304 |
| 003 - CONTROL NUMBER IDENTIFIER |
| control field |
BD-DhUAP |
| 005 - DATE AND TIME OF LATEST TRANSACTION |
| control field |
20201227153519.0 |
| 008 - FIXED-LENGTH DATA ELEMENTS--GENERAL INFORMATION |
| fixed length control field |
201227s1995 nyua|||| |||| 001 0 eng d |
| 020 ## - INTERNATIONAL STANDARD BOOK NUMBER |
| International Standard Book Number |
0070125414 |
| 040 ## - CATALOGING SOURCE |
| Original cataloging agency |
BD-DhUAP |
| Language of cataloging |
Eng |
| Transcribing agency |
BD-DhUAP |
| Modifying agency |
BD-DhUAP |
| 082 ## - DEWEY DECIMAL CLASSIFICATION NUMBER |
| Edition number |
23 |
| Classification number |
690 STR |
| 245 ## - TITLE STATEMENT |
| Title |
Structural systems for tall buildings / |
| Statement of responsibility, etc. |
edited by Ryszard M. Kowalczyk, Robert Sinn and Max B. Kilmister. |
| 260 ## - PUBLICATION, DISTRIBUTION, ETC. |
| Place of publication, distribution, etc. |
New York : |
| Name of publisher, distributor, etc. |
McGraw-Hill, |
| Date of publication, distribution, etc. |
©1995. |
| 300 ## - PHYSICAL DESCRIPTION |
| Extent |
xvii, 422 pages : |
| Other physical details |
illustrations ; |
| Dimensions |
23 cm. |
| 490 ## - SERIES STATEMENT |
| Series statement |
Tall buildings and urban environment series. |
| 500 ## - GENERAL NOTE |
| General note |
Includes index. |
| 650 ## - SUBJECT ADDED ENTRY--TOPICAL TERM |
| Topical term or geographic name entry element |
Tall buildings |
| Form subdivision |
Design and construction. |
| 650 ## - SUBJECT ADDED ENTRY--TOPICAL TERM |
| Topical term or geographic name entry element |
Structural engineering. |
| 700 ## - ADDED ENTRY--PERSONAL NAME |
| Personal name |
Kowalczyk, Ryszard M. |
| 700 ## - ADDED ENTRY--PERSONAL NAME |
| Personal name |
Sinn, Robert. |
| 700 ## - ADDED ENTRY--PERSONAL NAME |
| Personal name |
Kilmister, Max B. |
| 942 ## - ADDED ENTRY ELEMENTS (KOHA) |
| Source of classification or shelving scheme |
|
| Koha item type |
Book |